00943cam a2200229 a 450000100100000000500170001000800410002702000150006804000230008308200170010610000640012324500560018726000420024330000280028558600470031365000280036065000420038891000340043095201140046495201200057899900150069800000765320200929154240.0990604s1999 sp a 001 f spa  a8476478356 aDO-SdBNPcDLCdDLC a863.64bI24b1 aIglesias, Bieito,q(Bieito Iglesias Araúxo)d1957-92122710aBajo las más bellas estrellas /cBieito Iglesias. aSevilla, España :bAlgaida,cc1999. a269 p. :bil. ;c23 cm. aIII premio de novela, cuidad de Salamanca. 4aNovela española91123 4aLiteratura españolaySIGLO XX93326 aCatalogación por copia / LC 001050718MOaGRbGRcHDd2009-09-09iLF1l0o863.64 I24bp7653-10r2020-06-25w2020-06-25y1ZNo se presta 001150718MOaGRbGRcMId2017-05-22iLF1l0o863.64 I24bp7653-20r2020-06-25te. 2w2020-06-25y1ZNo se presta c7433d7433